La Práctica del sistema de compensación / José María Busquets Cuevas ; prólogo: Antonio Carceller Fernández Antonio Carceller Fernández
Descripción Física:
189 p. : [1] map. pleg. ; 24 cm
Otros Autores:
Carceller Fernández, Antonio, pr
MARC
| LEADER | 00000nam a2200000Ia 4500 | ||
|---|---|---|---|
| 001 | 14425 | ||
| 008 | 160829s1972 xx 000 0 cat d | ||
| 080 | |a D-3-16 | ||
| 100 | |a Busquets Cuevas, José María |9 26553 | ||
| 245 | |a La Práctica del sistema de compensación / José María Busquets Cuevas ; prólogo: |b Antonio Carceller Fernández | ||
| 260 | |a Madrid : |b Instituto de Estudios de Administración Local, |c 1972 | ||
| 300 | |a 189 p. : |b [1] map. pleg. ; |c 24 cm | ||
| 590 | |a Bibliografia. | ||
| 590 | |a Conté: legislació, jurisprudència i ordenances | ||
| 650 | |a Urbanisme |x Dret i legislació |x Espanya |9 25333 | ||
| 650 | |a Reparació (Dret) |9 26554 | ||
| 700 | |a Carceller Fernández, Antonio, pr. |9 26555 | ||
| 710 | 2 | |a Instituto de Estudios de Administración Local (Espanya) |9 54775 | |
| 901 | |a Arxiu | ||
| 942 | |n 1 | ||
| 952 | |0 1 |1 0 |2 udc |4 0 |5 2 |6 D316 |7 1 |9 44056 |a Arxiu |b Arxiu |d 2016-12-01 |l 0 |o D-3-16 |p 14425 |r 2016-12-01 00:00:00 |w 2016-12-01 |y ARXIU | ||
| 999 | |c 46636 |d 46636 | ||